Вып. 38 : К 50-летию Московского авиационного инситута им. С. Орджоникидзе; Из истории авиации и космонавтики

Dades bibliogràfiques
Parent link:Из истории авиации и космонавтики: [сборник]/ Академия наук СССР (АН СССР) ; Советское национальное объединение историков естествознания и техники. Вып. 38 : К 50-летию Московского авиационного инситута им. С. Орджоникидзе.— , 1964-1984
Idioma:rus
Publicat: 1980
Matèries:
Format: MixedMaterials Llibre
KOHA link:https://koha.lib.tpu.ru/cgi-bin/koha/opac-detail.pl?biblionumber=330090

MARC

LEADER 00000nam2a2200000 4500
001 330090
005 20231102004227.0
035 |a (RuTPU)RU\TPU\book\355863 
035 |a RU\TPU\book\355862 
090 |a 330090 
100 |a 20170328d1980 k y0rusy5003 ca 
101 0 |a rus 
102 |a RU 
105 |a y z 001zy 
200 0 |a Вып. 38 : К 50-летию Московского авиационного инситута им. С. Орджоникидзе 
210 |d 1980 
215 |a 29 с.  |c портр., 17 л. ил. 
320 |a Библиогр. в конце ст. 
461 1 |0 (RuTPU)RU\TPU\book\230046  |t Из истории авиации и космонавтики  |o [сборник]  |f Академия наук СССР (АН СССР) ; Советское национальное объединение историков естествознания и техники  |v Вып. 38 : К 50-летию Московского авиационного инситута им. С. Орджоникидзе  |d 1964-1984 
601 0 2 |a Московский авиационный институт (МАИ)  |c (1930- )  |2 stltpush  |3 (RuTPU)RU\TPU\col\3642 
606 1 |a Авиация СССР  |x История  |2 stltpush  |3 (RuTPU)RU\TPU\subj\525  |9 29424 
606 1 |a Космонавтика  |x История  |2 stltpush  |3 (RuTPU)RU\TPU\subj\15891  |9 42094 
610 1 |a авиатехника 
610 1 |a техника 
610 1 |a летательные аппараты 
610 1 |a юбилейные даты 
675 |a 629.73(09)  |z rus  |v 4 
675 |a 629.78(09)  |z rus  |v 4 
801 0 |a RU  |b RuMRKP  |c 19950704  |g psbo 
801 1 |a RU  |b 63413507  |c 20150710 
801 2 |a RU  |b 63413507  |c 20170815  |g RCR 
942 |c BK